000 00426nam a2200181Ia 4500
001 10781
005 20260306161857.0
008 260306t2005||||xx |||||||||||||| ||spa||
041 _aESP
082 _a949.5
_bCH574
100 _aChrysos, Evangelos
_eAUT
245 0 _aEl imperio Bizantino 565-1025
260 _c2005
300 _a19 páginas :
_c19 cm.
650 _aGEN
654 _aCHU
942 _cLIB
_dJUS
_fJUS
_2ddc
_n
999 _c10781
_d10781